Un hombre con sombrero /
Guardado en:
| Autor Principal: | |
|---|---|
| Formato: | Libro |
| Publicado: |
Buenos Aires :
Pequeño Editor,
2013
|
| Series: | Cuadriños
|
| Materias: | |
| Etiquetas: |
Agregar Etiqueta
Sin Etiquetas, Sea el primero en etiquetar este registro!
|
| LEADER | 00713nam a22002415a 4500 | ||
|---|---|---|---|
| 001 | CEM.cems015497 | ||
| 005 | 20191210160442.0 | ||
| 008 | 130507s2013##################000#0#####d | ||
| 003 | CEMS | ||
| 020 | |a 9789871374380 | ||
| 082 | 0 | 4 | |a A868.4 |
| 100 | 1 | |a Roldán, Gustavo (h) | |
| 245 | 1 | 0 | |a Un hombre con sombrero / |c Gustavo Roldán (h) |
| 260 | |a Buenos Aires : |b Pequeño Editor, |c 2013 | ||
| 300 | |a 28 p. | ||
| 490 | 0 | |a Cuadriños | |
| 653 | |a Literatura | ||
| 653 | |a Literatura argentina | ||
| 653 | |a Literatura infantil | ||
| 653 | |a Cuentos infantiles | ||
| 653 | |a Colección ciencias de la educación | ||
| 653 | |a Libro Álbum | ||
| 859 | |a CEMS |b BIB. CEMS - Ccias. Educacion |h A868.4 |i R643-11 |k CE |p 28850.19 |t Ej.1 | ||
